Statistics for Countries smaller in area than smallest US state

Click here to take the quiz!

General Stats

  • This quiz has been taken 50 times
    (25 since last reset)
  • The average score is 24 of 29

Answer Stats

Area(sq miles)Answer% Correct
0.17Vatican City
100%
24San Marino
92%
101St Kitts and Nevis
92%
150St Vincent and the Grenadines
92%
238St Lucia
92%
181Andorra
92%
177Palau
92%
998Luxembourg
88%
719Comoros
88%
8.1Nauru
88%
62Liechtenstein
88%
122Malta
88%
0.78Monaco
84%
133Grenada
84%
175Seychelles
84%
171Antigua and Barbuda
84%
271Micronesia
84%
288Tonga
84%
10Tuvalu
80%
790Mauritius
80%
170Barbados
76%
120Maldives
76%
70Marshall Islands
76%
313Kiribati
76%
1097Samoa
76%
290Dominica
72%
278Singapore
68%
295Bahrain
68%
372Sao Tome and Principe
28%

Score Distribution

Percentile by Number Answered

Percent of People with Each Score

Your Score History

You have not taken this quiz since the last reset